النشرة السنوية لإحصاءات الزواج والطلاق عام 2019/

تعتبر الإحصاءات الحيوية من أهم المصادر الرئيسية للإحصاءات السكانية وعنصرا أساسيا فى دراسة وتحليل الإتجاهات والخصائص السكانية وتقديرات السكان التى تساعد المخططين ومتخذى القرار فى وضع الخطط والسياسات والبرامج التنموية الملائمة لمواجهة المشاكل الإجتماعية والإقتصادية التى تعوق عملية التنمية الشاملة فى ا...

全面介绍

Saved in:
书目详细资料
主要作者: الجهاز المركزى للتعبئة العامة والإحصاء
格式: 图书
语言:阿拉伯语
出版: القاهرة : الجهاز المركزى للتعبئة العامة والإحصاء. 2020
主题:
标签: 添加标签
没有标签, 成为第一个标记此记录!

MARC

LEADER 00000nam a22000007a 4500
003 INP
005 20210518110914.0
008 180304buuuuuuuuua j|||f |||| 00| 0 ara d
952 |0 0  |1 0  |4 0  |6 312_500000000000000_ن_ش_2019  |7 0  |9 20885  |a INP  |b INP  |c MAIN  |d 2021-03-09  |l 0  |o 312.5 ن ش 2019  |p 022016  |r 2022-03-28 00:00:00  |w 2021-03-09  |y PUB  |0 0 
999 |c 16916  |d 16916 
040 |a EG-INP  |b ara  |c EG-INP 
082 0 4 |2 21  |a 312.5  |b ن ش 2019 
100 |a الجهاز المركزى للتعبئة العامة والإحصاء. 
245 0 2 |a النشرة السنوية لإحصاءات الزواج والطلاق عام 2019/  |c الجهاز المركزى للتعبئة العامة والإحصاء. 
260 |a القاهرة :  |b الجهاز المركزى للتعبئة العامة والإحصاء.  |c 2020 
300 |a مج. ؛  |c 24 سم. 
310 |a سنوى. 
500 |a مرجع رقم 71-12121-2019. 
500 |a يبنى الوصف على عام 2019. 
500 |a إصدار اكتوبر 2020. 
520 |a تعتبر الإحصاءات الحيوية من أهم المصادر الرئيسية للإحصاءات السكانية وعنصرا أساسيا فى دراسة وتحليل الإتجاهات والخصائص السكانية وتقديرات السكان التى تساعد المخططين ومتخذى القرار فى وضع الخطط والسياسات والبرامج التنموية الملائمة لمواجهة المشاكل الإجتماعية والإقتصادية التى تعوق عملية التنمية الشاملة فى المجتمع حيث تعد بيانات إحصاءات الزواج والطلاق إحدى أهم هذة الإحصاءات التى تساهم فى إظهار بعض المؤشرات الديموجرافية وتعكس الظروف الإجتماعية والإقتصادية. 
650 7 |2 qrmak  |a الزواج والطلاق  |x إحصائيات . 
650 7 |2 qrmak  |a المواليد والوفيات  |v احصائيات 
650 7 |2 qrmak  |a تعداد السكان. 
650 7 |2 qrmak  |a الإحصاء الحيوى. 
650 7 |2 qrmak  |a التنمية الإجتماعية. 
650 7 |2 qrmak  |a المشاكل الإجتماعية. 
901 |a EGPV4 
902 |a egpv34 
903 |a original 
942 |2 ddc  |c PUB